| 000 | 00000nam##2200000za#4500 |
| 001 | 9.601129 |
| 003 | CaOODSP |
| 005 | 20221028125832 |
| 007 | cr ||||||||||| |
| 008 | 150406|2006||||xxc|||||o f|0| 0 fre|d |
| 040 | |aCaOODSP|bfre |
| 043 | |an-cn--- |
| 086 | 1 |aYC27-0/391-6F-PDF |
| 110 | 1 |aCanada. |bParlement. |bSénat. |bComité sénatorial permanent de l'agriculture et des forêts. |
| 245 | 10|aComprendre l'exode : |h[ressource électronique]|blutte contre la pauvreté rurale / |cL'honorable Joyce Fairbairn, C.P., présidente; L'honorable Leonard J. Gustafson, vice-président. |
| 246 | 3 |aRapport intérimaire du Comité sénatorial permanent de l’agriculture et des forêts |
| 260 | |aOttawa - Ontario : |bSénat. |cDécembre 2006. |
| 300 | |a94p.|bcarte en couleur, figures (certaines en couleur), glossaire, graphiques, références, tableaux |
| 490 | 1 |aRapport du Comité sénatorial permanent de l'agriculture et des forêts|v[39e législature, 1re session, 6e rapport] |
| 590 | |a11-12-Supp|b2011-07-29 |
| 775 | 08|tUnderstanding freefall : |w(CaOODSP)9.570452 |
| 830 | #0|aRapport du Comité sénatorial permanent de l'agriculture et des forêts ;|v[39e législature, 1re session, 6e rapport]|w(CaOODSP)9.502039 |
| 856 | 40|ahttp://publications.gc.ca|qPDF|s1.21 Mo|uhttps://publications.gc.ca/collections/collection_2011/sen/yc27-0/YC27-0-391-6-fra.pdf|y[39e législature, 1re session, 6e rapport] |